Central Library OPAC University of Rajshahi

গ্রামের একাত্তর / (Record no. 80214)

MARC details
000 -LEADER
fixed length control field 00977nam a2200241 a 4500
001 - CONTROL NUMBER
control field 80214
003 - CONTROL NUMBER IDENTIFIER
rucl marc code BD-RjUL
005 - DATE AND TIME OF LATEST TRANSACTION
control field 20220821155735.0
008 - FIXED-LENGTH DATA ELEMENTS--GENERAL INFORMATION
fixed length control field 220821s20222019|||||||| |||| 00| 0 ben d
020 ## - INTERNATIONAL STANDARD BOOK NUMBER
International Standard Book Number 9789845063197
035 ## - SYSTEM CONTROL NUMBER
System control number (BD-RjUL)80214
040 ## - CATALOGING SOURCE
Original cataloging agency BD-RjUL
Language of cataloging eng
Transcribing agency BD-RjUL
041 ## - LANGUAGE CODE
Language code of text/sound track or separate title ben
082 ## - DEWEY DECIMAL CLASSIFICATION NUMBER
Edition number 23
Classification number 954.9205
Author mark and year GRA 2022
245 ## - TITLE STATEMENT
Title গ্রামের একাত্তর /
Statement of responsibility, etc. আফসান চৌধুরী
260 ## - PUBLICATION, DISTRIBUTION, ETC. (IMPRINT)
Place of publication, distribution, etc. ঢাকা :
Name of publisher, distributor, etc. দি ইউনিভার্সিটি প্রেস লিমিটেড,
Date of publication, distribution, etc. ২০১৯ [মুদ্রণ ২০২২]
300 ## - PHYSICAL DESCRIPTION
Pagination xiv, ২০৫ পৃ.;
Size ২২ সেমি.
500 ## - GENERAL NOTE
General note নির্ঘন্ট সংযুক্ত
650 ## - SUBJECT ADDED ENTRY--TOPICAL TERM
Topical term or geographic name as entry element বাংলাদেশ
General subdivision ইতিহাস
Chronological subdivision মুক্তিযুদ্ধ, ১৯৭১
9 (RLIN) 964
Topical term or geographic name as entry element Bangladesh
General subdivision History
Chronological subdivision Revolution, 1971
700 ## - ADDED ENTRY--PERSONAL NAME
Personal name চৌধুরী, আফসান
942 ## - ADDED ENTRY ELEMENTS (KOHA)
Source of classification or shelving scheme Dewey Decimal Classification
Koha item type Books
Holdings
Lost status Source of classification or shelving scheme Damaged status Not for loan Collection code Permanent Location Current Location Shelving location Date acquired Source of acquisition Cost, normal purchase price Total Checkouts Full call number Date last seen Copy number Koha item type
  Dewey Decimal Classification   Not For Loan Non-fiction Central Library, University of Rajshahi Central Library, University of Rajshahi Reading Room 30/06/2022 Rajshahi : News Home 348.83   B 954.9205 GRA 2022 21/08/2022 C-1 Books
  Dewey Decimal Classification     Non-fiction Central Library, University of Rajshahi Central Library, University of Rajshahi General Stacks 30/06/2022 Rajshahi : News Home 348.83   B 954.9205 GRA 2022 21/08/2022 C-2 Books
  Dewey Decimal Classification     Non-fiction Central Library, University of Rajshahi Central Library, University of Rajshahi General Stacks 30/06/2022 Rajshahi : News Home 348.83   B 954.9205 GRA 2022 21/08/2022 C-3 Books